May 9th: Birthdays - Statistics

General Stats
  • This quiz has been taken 12 times
  • The average score is 2 of 8
Answer Stats
Year Clue Answer % Correct
1949 Artist of Piano Man Billy Joel
92%
1800 Raided Harper's Ferry John Brown
42%
1918 Host of 60 Minutes Mike Wallace
33%
1936 Actress in Women in Love Glenda Jackson
17%
1965 Hockey Hall of Fame forward for the Detroit Red Wings Steve Yzerman
17%
1873 Found King Tutankhamun's tomb Howard Carter
8%
1882 His company was a company that built Hoover Dam Henry Kaiser
0%
1964 Won Olympic Gold in 1988 for Tennis Miloslav Mecir
0%
No matching quizzes found
Score Distribution
Percent of People with Each Score
Percentile by Number Answered
Your Score History
You have not taken this quiz